Statistics for Air Madagascar-Antananarivo

Click here to take the quiz!

General Stats

  • This quiz has been taken 6 times
  • The average score is 8 of 16

Answer Stats

Country Airport % Correct
FranceParis
100%
ChinaGuangzhou
83%
MauritiusPort-Louis
83%
ComorosMoroni
67%
FranceMarseille
67%
MadagascarNosy Be
67%
France ( Réunion)Saint-Denis
50%
France ( Mayotte )Dzaoudzi
33%
MadagascarAntsiranana
33%
MadagascarMahajanga
33%
MadagascarMorondava
33%
MadagascarSainte-Marie
33%
MadagascarSambava
33%
MadagascarToamasina
33%
MadagascarToliara
33%
MadagascarTolanaro
17%

Score Distribution

Percentile by Number Answered

Percent of People with Each Score

Your Score History

You have not taken this quiz